| 000 | 00637cam a2200229 4500500 | ||
|---|---|---|---|
| 005 | 20260329004953.0 | ||
| 041 | _afre | ||
| 042 | _adc | ||
| 100 | 1 | 0 |
_aLarmagnac-Matheron, Octave _eauthor |
| 245 | 0 | 0 | _aUitwaaien |
| 260 | _c2021. | ||
| 500 | _a63 | ||
| 690 | _aAlain Corbin | ||
| 690 | _aConfinement | ||
| 690 | _aEspace public | ||
| 690 | _aHygiène | ||
| 690 | _aPays-Bas | ||
| 690 | _aPureté | ||
| 690 | _aSortie | ||
| 786 | 0 | _nPhilosophie magazine | 155 | 12 | 2021-12-01 | p. 47-47 | 1951-1787 | |
| 856 | 4 | 1 | _uhttps://shs.cairn.info/magazine-philosophie-magazine-2021-12-1-page-47?lang=fr&redirect-ssocas=7080 |
| 999 |
_c1839058 _d1839058 |
||